| 000 | 00586nam a2200181 a 4500 | ||
|---|---|---|---|
| 001 | 000004618 | ||
| 005 | 20200929151454.0 | ||
| 008 | 090724s2003 ko ab 000 0 eng d | ||
| 020 | _a0754631850 | ||
| 040 |
_aDO-SdBNP _beng _cBNPHU |
||
| 082 |
_axxxx _bK49k |
||
| 100 | 1 |
_aKim, Chongho _913467 |
|
| 245 | 1 | 0 |
_aKorean shamanism : _bthe cultural paradox / _cChongho Kim. |
| 260 |
_aKorea : _bAshgate, _c2003. |
||
| 300 |
_axxii, 248 p. : _bil., maps. ; _c24 cm. |
||
| 504 | _aIncluye referencias bibliográficas y notas al pie de las páginas | ||
| 504 | _aIncluye bibliografías (p. 227-244) | ||
| 999 |
_c4426 _d4426 |
||